000 01046cam a22003017i 4500
001 18850421
003 OSt
005 20211119111347.0
008 151109s2010 enka b 001 0 eng
010 _a 2010934759
020 _a9781849963343 (alk. paper)
038 _aKhadija
040 _aDLC
_beng
_erda
_cDLC
042 _apcc
050 0 0 _aMLCM 2015/42438 (T)
082 _a629.8
_bFRA
100 1 _aMonje, Concepción A.,
_eauthor.
_984556
245 1 0 _aFractional-order Systems and Control :
_bFundamentals and Applications /
_cConcepción A. Monje and 4 others.
300 _axxvi, 414 pages :
_billustrations ;
_c24 cm.
490 0 _aAdvances in Industrial Control,
_x1430-9491
500 _a"Fractional-order Systems and Controls"--Cover.
504 _aIncludes bibliographical references (pages 395-408) and index.
563 _aHB
650 0 _aAutomatic control.
_984557
906 _a7
_bcbc
_corignew
_d4
_encip
_f20
_gy-gencatlg
942 _2ddc
_cBK
999 _c33197
_d33197